| 000 | 00356 a2200145 4500 | ||
|---|---|---|---|
| 082 | _a300.72 | ||
| 090 |
_c986 _d986 |
||
| 100 | _aLouise H Kidder | ||
| 245 | _aResearch Methods in Social Relations | ||
| 250 | _a5th ed | ||
| 260 |
_aIslamabad _bNational Book Foundation _c2007 |
||
| 300 | _a563 p. | ||
| 500 | _ahardcover | ||
| 942 |
_aNBS _cBK _k300.72 KID |
||
| 999 |
_c343524 _d343524 |
||